Drużyna sezonu Premier League w FC 25 - Statystyki

Ogólne statystyki
  • Ten quiz został rozwiązany 79 razy
  • Średni wynik to 14 z 22
Statystyki odpowiedzi
Piłkarz Klub Ocena Narodowość % Poprawnych
Mohamed Salah Liverpool 97 Egipt
100%
Virgil Van Dijk Liverpool 97 Holandia
94%
Alexander Isak Newcastle 96 Szwecja
91%
Erling Haaland Manchester City 96 Norwegia
91%
Bukayo Saka Arsenal 93 Anglia
81%
Declan Rice Arsenal 96 Anglia
80%
Bruno Fernandes Manchester United 94 Portugalia
72%
Cole Palmer Chelsea 95 Anglia
72%
William Saliba Arsenal 95 Francja
71%
Alexis Mac Allister Liverpool 94 Argentyna
68%
Ryan Gravenberch Liverpool 95 Holandia
59%
Trent Alexander-Arnold Liverpool 94 Anglia
58%
Matheus Cunha Wolverhampton 94 Brazylia
54%
Chris Wood Nottingham 93 Nowa Zelandia
52%
Kaoru Mitoma Brighton 92 Japonia
51%
Milos Kerkez Bournemouth 94 Węgry
51%
Matz Sels Nottingham 94 Belgia
41%
Antonee Robinson Fulham 92 Stany Zjednoczone
38%
Gabriel Magalhaes Arsenal 95 Brazylia
38%
Nikola Milenkovic Nottingham 92 Serbia
35%
Myles Lewis-Skelly Arsenal 94 Anglia
33%
James Tarkowski Everton 91 Anglia
20%
Nie znaleziono quizów pasujących do podanych kryteriów
Rozkład punktacji
Procent ludzi z każdym wynikiem
Percentyl według liczby udzielonych odpowiedzi
Twoja historia wyników
Nie rozwiązałeś tego quizu